Disc and drum brake service /

Bibliographic Details
Main Author: Alley, Walter
Other Authors: Billiet, Walter E.
Format: Book
Language:English
Published: Chicago : American Technical Society, [1969]
Subjects:

MARC

Tag First Indicator Second Indicator Subfields
LEADER 00000cam a2200000 4500
001 in00000095818
005 20150925085728.0
008 700630s1969 ilua 00110 eng
010 |a  70083288  
035 |a (OCoLC)00080353 
035 |9 AAL2040AM 
040 |a DLC  |c DLC  |d TXA  |d UtOrBLW 
049 |a TXAM  |c [852495] 
050 0 0 |a TL269  |b .A4 
082 0 |a 629.2/46 
100 1 |a Alley, Walter. 
245 1 0 |a Disc and drum brake service /  |c [by] Walter Alley [and] Walter E. Billiet. 
264 1 |a Chicago :  |b American Technical Society,  |c [1969] 
300 |a 188 pages :  |b illustrations ;  |c 21 cm. 
336 |a text  |b txt  |2 rdacontent 
337 |a unmediated  |b n  |2 rdamedia 
338 |a volume  |b nc  |2 rdacarrier 
650 0 |a Automobiles  |x Brakes. 
700 1 |a Billiet, Walter E. 
999 |a MARS 
999 f f |s 6be704e6-a6cd-3a07-849d-0c99548f3d02  |i 9b1269f6-add8-3d7c-adfa-611e0bf38a84  |t 0 
952 f f |p normal  |a Texas A&M University  |b College Station  |c Sterling C. Evans Library  |d Evans: Library Stacks  |t 0  |e TL269 .A4  |h Library of Congress classification  |i unmediated -- volume  |m A14805527787 
998 f f |a TL269 .A4  |t 0  |l Evans: Library Stacks